000 00909nam a2200253 a 4500
001 BRL_1950
005 20190320211440.0
008 251116s2009----mx-a######---#000-0#spa-#
041 _aspa
044 _amx
050 4 _aTX641
_b.R66 2009
100 1 _aRomero Reyes, Alfonso
_928291
245 1 0 _aLa comida mexicana
_cAlfonso Romero Reyes, Eder Mendoza Gallegos ; revisión y actualización Marco Buenrostro.
260 _aMéxico
_bFONART Fondo Nacional para el Fomento de las Artesanías
_c2009
300 _a43 p.
_bil.
_c21 cm.
440 0 _aArtesanías tradicionales. Apuntes monográficos
_927490
650 1 4 _aGastronomía
_xHistoria
_zMéxico
_928292
650 1 4 _aHábitos alimenticios
_928293
650 1 4 _aCocina mexicana
_928294
651 4 _aMéxico
_xVida social y costumbres
_9769
700 1 _aMendoza Gallegos, Eder
_ecoaut.
_928295
700 1 _aBuenrostro, Marco
_911025
942 _2lcc
_cB
999 _c10757
_d10757